Responses for show #1983 - Wednesday, March 31, 1993

Contestants

Jim McKain, an aerospace technician originally from Cleveland, Ohio

Doug Ralls, a franchise business manager from Laguna Niguel, California

Susan Poorman, an editorial assistant from Anaheim, California (whose 2-day cash winnings total $15,700)

Jeopardy! Round responses

RELIGION
SPORTS
FASHION
-OLOGIES
GIANTS
"C" HERE
    $100 1
pope

Susan
    $100 3
the pole vault

Doug
    $100 9
China

Susan
    $100 15
clouds

Doug
    $100 17
Paul Bunyan

Doug
    $100 26
capes

Doug
    $200 2
Mecca

Doug
    $200 4
Jack Nicklaus

Jim
    $200 10
tea

Doug
    $200 22
smell

Susan
    $200 18
Orion

Jim
    $200 27
Christmas

Doug
    $300 6
Hinduism

Jim
    $300 5
wrestling

Susan
    $300 12
hourglasses

Jim
    $300 23
parapsychology

Jim
    $300 19
an ogre

Triple Stumper
    $300 28
cling

Jim
    $400 7
Druids

Susan
    $400 11
the Sugar Bowl

Susan
    $400 13
Alice blue

Susan
    $400 24
paleontology

Susan
    $400 20
Jack

Jim
    $400 29
chairs

Jim
    $500 8
(Jim: What is Greece?)
(Susan: What is Norway?)

Sweden

SusanJim
Triple Stumper
    $500 16
the Cleveland Cavaliers

Doug
    $500 14
Juliet

Susan
    $500 25
(Jim: What is geology?)

petrology

Jim
Triple Stumper
    $500 21
Atlas

Doug
    $500 30
(Alex: [*] is right, and they--there is one more clue. No, there aren't any more clues. We're out of, uh, we're out of Jeopardy! I wasn't paying attention. I forgot to cross something off.)

Carmen

Doug

Scores at the first commercial break (after clue 14):

Susan Doug Jim
$1,700 $500 $300

Scores at the end of the Jeopardy! Round:

Susan Doug Jim
$2,300 $2,500 $1,400

Double Jeopardy! Round responses

WORLD HISTORY
MUSIC
TOUGH TV TRIVIA
ISLANDS
POTENT POTABLES
LITERATURE
    $200 6
the Empire State Building

Jim
    $200 1
(Susan: Who is Gershwin?)
(Alex: Be more specific.)

George Gershwin

Susan
    $200 16
F Troop

Doug
    $200 9
the Bahamas

Triple Stumper
    $200 3
vodka

Doug
    $200 2
Crime and Punishment

Doug
    $400 7
Alexander the Great

Jim
    $400 8
Gilbert & Sullivan

Doug
    $400 18
Murphy Brown

Jim
    $400 17
Pitcairn Island

Susan
    $400 4
bourbon

Jim
    $400 11
Tom Sawyer

Susan
    $600 10
the Hohenzollerns

Susan
    $600 15
(Susan: What is amber?)

rosin

SusanDoug
    $600 19
Cicely

Jim
    $600 28
Easter Island

Susan
    $600 5
champagne

Doug
    $600 12
the Brontë sisters

Susan
    $500 22
(Doug: Don't have it.)
...
(Alex: Trieste is right in between the two of them.)

Italy & Yugoslavia

Doug
    $800 25
the harpsichord

Susan
    $800 20
Richie Cunningham

Jim
    $800 29
Tasmania

Doug
    $800 23
Liebfraumilch

Susan
    $800 13
Joel Chandler Harris

Jim
    $1000 27
Nebuchadnezzar

Doug
    $1000 26
(Aaron) Copland

Susan
    $1000 21
B.J. and the Bear (or My Two Dads or P.S. I Luv U)

Doug
    $1000 30
the Canary Islands

Susan
    $1000 24
very old

Doug
    $1,200 14
(Jim: What is A Farewell to Arms?)

The Sun Also Rises

Jim

Scores at the end of the Double Jeopardy! Round:

Susan Doug Jim
$8,100 $8,000 $3,800

[wagering suggestions for these scores]

Final Jeopardy! Round responses

MONARCHS
JimWho was Julianna?
$3,700
DougWho was Wilhelmina
$7,700
SusanWho is Queen Juliana?
$7,901
Wilhelmina

Final scores:

Susan Doug Jim
$199 $15,700 $100
2nd place: a trip to Nassau, the Bahamas at Le Meridien Royal Bahamian New champion: $15,700 3rd place: Texas Instruments assortment including the Organizer + Wheel of Fortune and Jeopardy! video games for the Super Nintendo and Sega Genesis

Game dynamics:

Coryat scores:

Susan Doug Jim
$8,100 $8,500 $5,000
19 R
(including 1 DD),
2 W
20 R,
1 W
(including 1 DD)
15 R,
3 W
(including 1 DD)

Combined Coryat: $21,600

The J! Archive is created by fans, for fans. The Jeopardy! game show and all elements thereof, including but not limited to copyright and trademark thereto, are the property of Jeopardy Productions, Inc. and are protected under law. This website is not affiliated with, sponsored by, or operated by Jeopardy Productions, Inc. Join the discussion at JBoard.tv.